| 000 | 00411nam a2200145 4500 | ||
|---|---|---|---|
| 001 | 121775 | ||
| 003 | ES-MaACL | ||
| 005 | 20230906191824.0 | ||
| 007 | t| | ||
| 008 | 070214s1921 it r ||||1| ita d | ||
| 100 | 1 |
_aPlejanov, Gueorgii Valentinovich. _992643 |
|
| 245 | 1 | 0 |
_aAnarchismo e socialismo / _cGiorgio Plechanov. |
| 260 |
_aMilano : _bSocietá Editrice Avanti!, _c1921. |
||
| 852 |
_aES-MaACL _j1620-F-6 |
||
| 999 |
_c121775 _d121775 |
||